[Event "ICS rated bullet match"]
[Site "204.178.125.65"]
[Date "2000.06.23"]
[Round "?"]
[White "Hossa"]
[Black "edr"]
[Result "1-0"]
[WhiteElo "2421"]
[BlackElo "1664"]
[PlyCount "55"]
[EventDate "2000.??.??"]

1. d4 e6 2. Nf3 d5 3. g3 Nf6 4. Bg2 Bd6 5. O-O O-O 6. Nc3 c5 7. Nb5 Be7 8. Bf4
a6 9. Nc7 Qd7 10. Nxa8 Nc6 11. Nb6 Qd8 12. Nxc8 Qxc8 13. c3 cxd4 14. cxd4 Ne4
15. Ne5 Nxe5 16. Bxe5 Bb4 17. Rc1 Qd7 18. Rc7 Qd8 19. Rxb7 f6 20. Rxb4 fxe5 21.
Bxe4 exd4 22. Bd3 Qf6 23. Bxa6 h6 24. Qxd4 Qf5 25. Qa7 Rf7 26. Rb8+ Kh7 27. Qd4
g6 28. Rh8# {edr checkmated} 1-0

[Event "ICS Rated standard match"]
[Site "204.178.125.65"]
[Date "2000.06.23"]
[Round "?"]
[White "Hossa"]
[Black "PostModernist"]
[Result "1-0"]
[WhiteElo "2331"]
[BlackElo "2317"]
[PlyCount "111"]
[EventDate "2000.??.??"]

1. d4 Nf6 2. c4 e6 3. g3 c5 4. Nf3 cxd4 5. Nxd4 d5 6. Bg2 e5 7. Nb3 d4 8. O-O
Nc6 9. Bg5 Be7 10. e3 Bg4 11. Qd3 e4 12. Qd2 Bb4 13. Qc1 Be2 14. exd4 Nxd4 15.
Bxe4 Bxf1 16. Qxf1 Nc6 17. Bxc6+ bxc6 18. N1d2 O-O 19. Ne4 Re8 20. Nxf6+ gxf6
21. Rd1 Qe7 22. Be3 Qe4 23. Rd4 Qf5 24. c5 Rab8 25. Qd1 Re4 26. a3 Be1 27. Rd8+
Rxd8 28. Qxd8+ Kg7 29. Nd4 Qd5 30. Qd6 Re8 31. Qxc6 Re5 32. Qc8 Qe4 33. g4 h5
34. h3 hxg4 35. Qxg4+ Qxg4+ 36. hxg4 Re8 37. Kf1 Ba5 38. Nc6 Bd8 39. Nxa7 Re4
40. Nc6 Bc7 41. b4 Rxg4 42. b5 Bh2 43. Bd4 Rg1+ 44. Ke2 Rb1 45. b6 Rb5 46. a4
Rb3 47. Ne7 Kf8 48. Nd5 Ra3 49. b7 Ra2+ 50. Ke1 Bb8 51. c6 Rc2 52. Bc3 Rc1+ 53.
Kd2 Rb1 54. Kc2 Rxb7 55. cxb7 Ke8 56. a5 1-0

[Event "ICS rated bullet match"]
[Site "204.178.125.65"]
[Date "2000.06.23"]
[Round "?"]
[White "Hossa"]
[Black "sondermann"]
[Result "1-0"]
[WhiteElo "2422"]
[BlackElo "1751"]
[PlyCount "21"]
[EventDate "2000.??.??"]

1. d4 Nf6 2. c4 g6 3. Nc3 Bg7 4. e4 O-O 5. Bg5 d6 6. f3 c5 7. dxc5 dxc5 8. Qxd8
Rxd8 9. e5 Nh5 10. g4 f6 11. Be3 {sondermann resigns} 1-0

[Event "ICS rated bullet match"]
[Site "204.178.125.65"]
[Date "2000.06.23"]
[Round "?"]
[White "Hossa"]
[Black "liacono"]
[Result "1-0"]
[WhiteElo "2426"]
[BlackElo "1270"]
[PlyCount "23"]
[EventDate "2000.??.??"]

1. d4 Nf6 2. c4 g6 3. Nc3 Bg7 4. e4 d6 5. Be2 O-O 6. Bg5 h6 7. Bh4 Nbd7 8. Nf3
c5 9. e5 dxe5 10. dxe5 Ne8 11. O-O Nxe5 12. Qxd8 {liacono resigns} 1-0

[Event "ICS rated bullet match"]
[Site "204.178.125.65"]
[Date "2000.06.23"]
[Round "?"]
[White "sondermann"]
[Black "Hossa"]
[Result "0-1"]
[WhiteElo "1743"]
[BlackElo "2430"]
[PlyCount "70"]
[EventDate "2000.??.??"]

1. e4 c5 2. Nf3 d6 3. d4 Nf6 4. Nc3 cxd4 5. Nxd4 Nc6 6. Bg5 e6 7. Qd2 a6 8.
O-O-O Be7 9. f4 Nxd4 10. Qxd4 O-O 11. Bc4 b5 12. Bb3 Bb7 13. Rhe1 Rc8 14. Kb1
h6 15. Bxf6 Bxf6 16. Qxd6 Bxc3 17. Qxd8 Rcxd8 18. bxc3 Rxd1+ 19. Rxd1 Bxe4 20.
g3 Rc8 21. Kb2 Bf3 22. Rd3 Be2 23. Rd6 Ra8 24. a4 h5 25. axb5 axb5 26. Rd4 Rc8
27. Ka3 Rxc3 28. Kb4 Rc8 29. Rd6 Ra8 30. Rb6 Rd8 31. Rb7 h4 32. gxh4 Rd4+ 33.
Kc5 Rxf4 34. Rb8+ Kh7 35. c4 bxc4 {sondermann resigns} 0-1

[Event "ICS rated bullet match"]
[Site "204.178.125.65"]
[Date "2000.06.23"]
[Round "?"]
[White "Hossa"]
[Black "Prozac"]
[Result "1-0"]
[WhiteElo "2432"]
[BlackElo "2273"]
[PlyCount "69"]
[EventDate "2000.??.??"]

1. d4 d6 2. Nf3 Nd7 3. e4 e5 4. Bd3 Ngf6 5. O-O Be7 6. Nc3 c6 7. dxe5 dxe5 8.
Be3 O-O 9. Ng5 h6 10. Nf3 Qc7 11. Qe2 Nc5 12. Bxc5 Bxc5 13. Na4 Bd6 14. Rfd1
Be6 15. Bc4 Bxc4 16. Qxc4 b5 17. Qd3 Be7 18. Nc3 Rfd8 19. Qe2 a6 20. a3 Qb6 21.
Nxe5 a5 22. Rxd8+ Rxd8 23. Rd1 b4 24. Rxd8+ Bxd8 25. axb4 axb4 26. Nb1 Qa5 27.
Nxc6 Qa1 28. Qd1 Bb6 29. Nc3 Qxb2 30. Na4 Qa3 31. Nxb6 Nxe4 32. Nd5 Nc3 33.
Nxc3 Qxc3 34. Ne7+ Kf8 35. Qd8# {Prozac checkmated} 1-0

[Event "ICS rated bullet match"]
[Site "204.178.125.65"]
[Date "2000.06.23"]
[Round "?"]
[White "Prozac"]
[Black "Hossa"]
[Result "1/2-1/2"]
[WhiteElo "2264"]
[BlackElo "2441"]
[PlyCount "103"]
[EventDate "2000.??.??"]

1. d3 e5 2. Nf3 Nc6 3. g3 Nf6 4. e4 Bc5 5. Bg2 O-O 6. O-O d5 7. exd5 Nxd5 8.
Re1 Bg4 9. h3 Bxf3 10. Qxf3 Nd4 11. Qd1 Qd6 12. c3 Nc6 13. Nd2 Rfe8 14. Ne4 Qf8
15. Nxc5 Qxc5 16. Be3 Nxe3 17. Rxe3 Qb5 18. Bxc6 Qxc6 19. Qe2 f6 20. Re1 Qe6
21. d4 Rf8 22. dxe5 fxe5 23. Rxe5 Qxa2 24. Re7 Rf7 25. Qe6 Qxe6 26. R1xe6 Raf8
27. Rxf7 Kxf7 28. Re4 Re8 29. Rd4 c5 30. Rd7+ Re7 31. Rd5 Re2 32. b4 cxb4 33.
cxb4 Re4 34. Rd7+ Re7 35. Rd5 Kg6 36. Kg2 Re4 37. Rd6+ Kf5 38. Rd7 Rxb4 39.
Rxg7 h6 40. g4+ Kf6 41. Rh7 Kg6 42. Rc7 a5 43. Kg3 b5 44. f4 Rb3+ 45. Kh4 Kf6
46. Rc6+ Kg7 47. Rc7+ Kg8 48. Rc6 Kh7 49. Rc7+ Kg8 50. Rc6 Kh7 51. Rc7+ Kg8 52.
Rc6 1/2-1/2

[Event "ICS rated bullet match"]
[Site "204.178.125.65"]
[Date "2000.06.23"]
[Round "?"]
[White "Prozac"]
[Black "Hossa"]
[Result "0-1"]
[WhiteElo "2277"]
[BlackElo "2433"]
[PlyCount "68"]
[EventDate "2000.??.??"]

1. Nf3 Nf6 2. d3 Nc6 3. e4 d5 4. Nbd2 Bg4 5. Be2 dxe4 6. dxe4 Qd7 7. Bb5 O-O-O
8. Qe2 Kb8 9. c3 Bxf3 10. Nxf3 Nxe4 11. O-O Qd5 12. Ba4 Nd6 13. c4 Qxc4 14.
Qxc4 Nxc4 15. Bxc6 bxc6 16. b3 Nd6 17. Be3 Kb7 18. Rac1 Nf5 19. Rc2 Nxe3 20.
fxe3 Rd5 21. Rfc1 e6 22. Rxc6 Bd6 23. Nd4 Rd8 24. a4 e5 25. Nb5 Rd7 26. Nxd6+
R5xd6 27. R6c5 Rd1+ 28. Rxd1 Rxd1+ 29. Kf2 Rd2+ 30. Kf3 e4+ 31. Kxe4 Rxg2 32.
Rh5 h6 33. Rb5+ Kc6 34. Rb4 Rg4+ {Prozac resigns} 0-1

[Event "ICS rated bullet match"]
[Site "204.178.125.65"]
[Date "2000.06.23"]
[Round "?"]
[White "Hossa"]
[Black "Prozac"]
[Result "1-0"]
[WhiteElo "2442"]
[BlackElo "2268"]
[PlyCount "135"]
[EventDate "2000.??.??"]

1. d4 d6 2. Nf3 Nd7 3. e4 Ngf6 4. Bd3 e5 5. O-O Be7 6. Nc3 O-O 7. Be3 c6 8. Ng5
h6 9. Nf3 Re8 10. Qd2 Qc7 11. Rad1 Bf8 12. dxe5 Nxe5 13. Nxe5 dxe5 14. f3 Be6
15. Qf2 b6 16. a3 Rad8 17. Ba6 Nd7 18. b4 Nf6 19. Ne2 Nd7 20. Rd2 b5 21. Rfd1
Nb6 22. Rxd8 Rxd8 23. Rxd8 Qxd8 24. Nc3 Nc4 25. Bc1 Qb6 26. Qxb6 axb6 27. Bb7
Bd7 28. Kf2 Bd6 29. g3 Kf8 30. Kg2 Ke7 31. Nd1 Kd8 32. Ne3 Nxe3+ 33. Bxe3 Kc7
34. Ba6 Kb8 35. Bxb6 Be8 36. c4 Bd7 37. h3 Be8 38. Kf2 Bd7 39. h4 Be8 40. Ke3
Bd7 41. Kd3 Be8 42. h5 Bd7 43. Bc5 Bxc5 44. bxc5 Ka7 45. cxb5 cxb5 46. c6 Bxc6
47. Bc8 Kb6 48. Bf5 Kc5 49. Bh7 Bd7 50. Bg8 Be6 51. Kc3 Kb6 52. f4 exf4 53.
gxf4 Kc5 54. f5 Ba2 55. e5 Bc4 56. e6 fxe6 57. fxe6 Kd6 58. e7 Kxe7 59. Bxc4
bxc4 60. Kxc4 g5 61. hxg6 h5 62. Kd5 h4 63. Ke4 Kf6 64. Kf4 Kxg6 65. a4 Kf6 66.
a5 h3 67. Kg3 h2 68. Kxh2 {Prozac resigns} 1-0

[Event "ICS rated bullet match"]
[Site "204.178.125.65"]
[Date "2000.06.23"]
[Round "?"]
[White "Prozac"]
[Black "Hossa"]
[Result "1/2-1/2"]
[WhiteElo "2259"]
[BlackElo "2451"]
[PlyCount "330"]
[EventDate "2000.??.??"]

1. d3 e5 2. Nf3 Nc6 3. e4 Nf6 4. g3 Bc5 5. Bg2 O-O 6. O-O d5 7. exd5 Nxd5 8.
Re1 Bg4 9. Nbd2 Qd7 10. Ne4 Bb6 11. c4 Ndb4 12. Bf1 Nc2 13. Qxc2 Bxf3 14. Bg2
Bxg2 15. Kxg2 Nb4 16. Qb3 Nxd3 17. Rd1 Nxc1 18. Raxc1 Qg4 19. f3 Qc8 20. c5 Ba5
21. Qa4 b6 22. b4 Qa6 23. bxa5 Qe2+ 24. Nf2 Rfc8 25. axb6 axb6 26. Qc2 Qa6 27.
cxb6 cxb6 28. Qb3 Re8 29. Rc6 Reb8 30. Rdd6 Qxa2 31. Qxa2 Rxa2 32. Rxb6 Rc8 33.
Rbc6 Rca8 34. g4 f6 35. Kg3 Ra1 36. Rd7 Rg1+ 37. Kh3 Rf1 38. Kg2 Rfa1 39. Rcc7
g5 40. Rg7+ Kh8 41. Rxh7+ Kg8 42. Rcg7+ Kf8 43. Rf7+ Kg8 44. Rhg7+ Kh8 45. Ne4
R8a6 46. Rh7+ Kg8 47. Rfg7+ Kf8 48. Rb7 R1a2+ 49. Nf2 Kg8 50. Rhc7 Ra8 51. Kg3
Rd8 52. Ne4 Ra6 53. Rg7+ Kh8 54. Rh7+ Kg8 55. Rbg7+ Kf8 56. Rh8+ Kxg7 57. Rxd8
Ra7 58. Rd6 Rf7 59. h4 gxh4+ 60. Kxh4 f5 61. gxf5 Rxf5 62. Kg3 Rf8 63. Kf2 Rh8
64. Ke3 Rh2 65. Ra6 Rh5 66. Ng3 Rg5 67. Ne2 Kf7 68. Ke4 Kf8 69. Nc3 Kf7 70. Nd5
Rh5 71. Ne3 Rh2 72. Kxe5 Re2 73. Ke4 Ke8 74. f4 Kf7 75. Kf3 Rd2 76. Ng4 Kf8 77.
Ne5 Rc2 78. Kg4 Rc1 79. Ra7 Rg1+ 80. Kf5 Rb1 81. Kf6 Rb6+ 82. Kg5 Rb2 83. f5
Kg8 84. Ng6 Rf2 85. Nf4 Rf1 86. Ne6 Rc1 87. Kf6 Rc8 88. Rc7 Rb8 89. Rg7+ Kh8
90. Rg1 Rf8+ 91. Ke7 Rxf5 92. Rh1+ Kg8 93. Rg1+ Kh8 94. Rh1+ Kg8 95. Nd8 Re5+
96. Ne6 Rf5 97. Rh2 Rf7+ 98. Kd6 Rh7 99. Rg2+ Kh8 100. Ke5 Rh5+ 101. Kf6 Rh1
102. Nf8 Rf1+ 103. Ke7 Re1+ 104. Ne6 Kh7 105. Rh2+ Kg6 106. Rg2+ Kh7 107. Kf6
Rf1+ 108. Kg5 Rh1 109. Nf4 Rh6 110. Kf5 Rh1 111. Ra2 Rf1 112. Ra7+ Kh8 113. Kg6
Rg1+ 114. Kf6 Rf1 115. Ra4 Kh7 116. Kg5 Rg1+ 117. Kf5 Rf1 118. Ra7+ Kh8 119.
Ke5 Re1+ 120. Kd6 Rd1+ 121. Nd5 Rd2 122. Ke6 Rb2 123. Kf7 Kh7 124. Nf6+ Kh6
125. Ra6 Rb7+ 126. Ke6 Kg6 127. Nd7 Rb3 128. Ne5+ Kg7 129. Ra4 Rb6+ 130. Kf5
Rf6+ 131. Kg5 Rf8 132. Ra7+ Kg8 133. Kg6 Rf1 134. Ng4 Kf8 135. Ne5 Rg1+ 136.
Kf6 Rf1+ 137. Ke6 Kg8 138. Ng4 Re1+ 139. Kf6 Rf1+ 140. Kg6 Kf8 141. Ne5 Rg1+
142. Kf6 Rf1+ 143. Ke6 Kg8 144. Ng4 Re1+ 145. Kf6 Rf1+ 146. Kg6 Kf8 147. Rd7
Rg1 148. Kf5 Rf1+ 149. Ke6 Re1+ 150. Ne5 Re2 151. Kf6 Rf2+ 152. Kg6 Rg2+ 153.
Kf5 Rg1 154. Ke6 Re1 155. Rd8+ Kg7 156. Rd7+ Kf8 157. Rf7+ Ke8 158. Rh7 Kd8
159. Rh8+ Kc7 160. Rh7+ Kd8 161. Kd6 Rd1+ 162. Ke6 Re1 163. Rd7+ Ke8 164. Re7+
Kf8 165. Rf7+ Ke8 1/2-1/2

[Event "ICS rated bullet match"]
[Site "204.178.125.65"]
[Date "2000.06.23"]
[Round "?"]
[White "Emchricas"]
[Black "Hossa"]
[Result "0-1"]
[WhiteElo "1509"]
[BlackElo "2451"]
[PlyCount "74"]
[EventDate "2000.??.??"]

1. e4 c5 2. Nf3 Nc6 3. g3 e6 4. Bg2 d5 5. exd5 exd5 6. O-O Nf6 7. Re1+ Be7 8.
d3 O-O 9. Bg5 Bg4 10. Nbd2 Re8 11. Bxf6 Bxf6 12. Rxe8+ Qxe8 13. c3 Qe7 14. Qe1
Re8 15. Qxe7 Rxe7 16. h3 Bf5 17. Re1 Bxd3 18. Rxe7 Nxe7 19. Bf1 Bc2 20. a3 d4
21. cxd4 cxd4 22. Ne1 Bf5 23. Bd3 Bxh3 24. f4 Bg4 25. Kf2 Nf5 26. Bxf5 Bxf5 27.
Kf3 h5 28. Nf1 d3 29. Nd2 Bxb2 30. Ke3 Bxa3 31. Nxd3 Bxd3 32. Kxd3 h4 33. gxh4
g5 34. Ke4 gxh4 35. Kf3 Bb4 36. Kg4 Bxd2 37. Kxh4 Bxf4 {Emchricas resigns} 0-1

[Event "ICS rated bullet match"]
[Site "204.178.125.65"]
[Date "2000.06.23"]
[Round "?"]
[White "Hossa"]
[Black "Rockaden"]
[Result "1-0"]
[WhiteElo "2458"]
[BlackElo "2198"]
[PlyCount "21"]
[EventDate "2000.??.??"]

1. d4 Nf6 2. c4 d5 3. cxd5 Nxd5 4. e4 Nb6 5. Nf3 g6 6. Nc3 Bg7 7. Be2 O-O 8.
Bf4 Bg4 9. Nb5 Na6 10. Be3 Na4 11. Qxa4 {Rockaden resigns} 1-0

[Event "ICS rated bullet match"]
[Site "204.178.125.65"]
[Date "2000.06.23"]
[Round "?"]
[White "Rockaden"]
[Black "Hossa"]
[Result "0-1"]
[WhiteElo "2192"]
[BlackElo "2464"]
[PlyCount "94"]
[EventDate "2000.??.??"]

1. d4 Nf6 2. Nf3 e6 3. g3 b6 4. Bg2 Bb7 5. O-O c5 6. c4 cxd4 7. Qxd4 Bc5 8. Qf4
O-O 9. Nc3 d6 10. Qd2 Nc6 11. a3 Na5 12. Qc2 Nxc4 13. b4 Bxf3 14. Bxf3 Bd4 15.
Bxa8 Qxa8 16. Qd3 Bxc3 17. Qxc3 Rc8 18. Qd3 Qc6 19. Bg5 Ne4 20. Bf4 e5 21. Be3
d5 22. f3 Ned6 23. Bf2 Nb2 24. Qd2 Ndc4 25. Qc3 d4 26. Qb3 Rc7 27. Rab1 Qa4 28.
Qxa4 Nxa4 29. Rfc1 Nc3 30. Be1 Nxe2+ 31. Kf2 Nxc1 32. Rxc1 b5 33. Ke2 Rc6 34.
g4 Ra6 35. Ra1 Rxa3 36. Rxa3 Nxa3 37. Kd3 Nc4 38. Bg3 f6 39. f4 g5 40. fxe5
fxe5 41. Ke4 Kf7 42. Kd5 d3 43. Be1 d2 44. Bxd2 Nxd2 45. Kc5 Ke6 46. Kxb5 e4
47. Ka6 Kd5 {Rockaden resigns} 0-1

[Event "ICS rated bullet match"]
[Site "204.178.125.65"]
[Date "2000.06.23"]
[Round "?"]
[White "Hossa"]
[Black "explosiv-gent"]
[Result "1-0"]
[WhiteElo "2471"]
[BlackElo "1892"]
[PlyCount "63"]
[EventDate "2000.??.??"]

1. d4 e6 2. Nf3 d5 3. g3 Nf6 4. Bg2 Bb4+ 5. Nbd2 Be7 6. O-O O-O 7. Nb3 c5 8.
Nxc5 Bxc5 9. dxc5 Nbd7 10. b4 Qc7 11. Nd4 a5 12. c3 b6 13. c6 Nb8 14. b5 a4 15.
Ba3 e5 16. Bxf8 exd4 17. Bb4 dxc3 18. Bxc3 Be6 19. Bxf6 gxf6 20. Bxd5 Nxc6 21.
Bxc6 Rd8 22. Qxa4 Rd6 23. Rad1 Rxc6 24. Qa8+ Qc8 25. Rd8+ Qxd8 26. Qxd8+ Kg7
27. bxc6 Bd7 28. cxd7 b5 29. Qb6 f5 30. d8=Q h5 31. Qg5+ Kf8 32. Qbd8# 1-0

[Event "ICS rated bullet match"]
[Site "204.178.125.65"]
[Date "2000.06.23"]
[Round "?"]
[White "Hossa"]
[Black "lapti"]
[Result "1-0"]
[WhiteElo "2472"]
[BlackElo "1349"]
[PlyCount "35"]
[EventDate "2000.??.??"]

1. d4 e6 2. Nf3 d5 3. g3 Nc6 4. Nbd2 Bd7 5. Bg2 Bd6 6. c4 Nf6 7. cxd5 exd5 8.
Qb3 O-O 9. O-O Ne7 10. Qxb7 Bc6 11. Qb3 Qd7 12. Qc2 Bb7 13. Ne5 Qc8 14. Ndf3
Bxe5 15. Nxe5 Nc6 16. Nxc6 Bxc6 17. Qxc6 Ne4 18. Qxd5 {lapti resigns} 1-0

[Event "ICS rated standard match"]
[Site "204.178.125.65"]
[Date "2000.06.23"]
[Round "?"]
[White "PostModernist"]
[Black "Hossa"]
[Result "1/2-1/2"]
[WhiteElo "2302"]
[BlackElo "2346"]
[PlyCount "79"]
[EventDate "2000.??.??"]

1. e4 c5 2. c3 Nf6 3. e5 Nd5 4. d4 cxd4 5. Nf3 Nc6 6. cxd4 d6 7. Bc4 Nb6 8. Bb5
dxe5 9. Nxe5 Bd7 10. Nxd7 Qxd7 11. Nc3 e6 12. O-O Be7 13. Qg4 O-O 14. Rd1 Rad8
15. Bh6 Bf6 16. Rac1 e5 17. Qxd7 Nxd7 18. d5 Nd4 19. Bxd7 Rxd7 20. Be3 Rc8 21.
Re1 a5 22. Bd2 Rdd8 23. f4 exf4 24. Bxf4 b5 25. d6 Ne6 26. Bg3 Bd4+ 27. Kh1 Rc5
28. Rb1 b4 29. Na4 Rc2 30. Rec1 Rd2 31. h3 h5 32. Rd1 Rxd1+ 33. Rxd1 h4 34. Bh2
Kh7 35. Rf1 Kg6 36. Re1 Kf5 37. Rf1+ Kg6 38. Re1 Kf5 39. Rf1+ Kg6 40. Re1
1/2-1/2

[Event "ICS rated standard match"]
[Site "204.178.125.65"]
[Date "2000.06.23"]
[Round "?"]
[White "Hossa"]
[Black "Beadle"]
[Result "0-1"]
[WhiteElo "2344"]
[BlackElo "2378"]
[PlyCount "170"]
[EventDate "2000.??.??"]

1. d4 e6 2. Nf3 Nf6 3. g3 b6 4. Bg2 Bb7 5. O-O Bd6 6. c4 O-O 7. Nc3 Na6 8. d5
exd5 9. cxd5 h6 10. Nd2 Bb4 11. Nde4 Nxe4 12. Nxe4 f5 13. Nc3 Bxc3 14. bxc3 Qf6
15. Qc2 Nc5 16. Rb1 Rae8 17. c4 c6 18. Ba3 Qe7 19. e3 cxd5 20. Rfd1 Rf7 21.
cxd5 d6 22. Rbc1 Ba6 23. Qd2 Qg5 24. Rc2 Bb5 25. Rdc1 Qg6 26. Rb2 a6 27. Rbc2
Nd3 28. Rb1 f4 29. gxf4 Nxf4 30. exf4 Re2 31. Rc8+ Kh7 32. Qc1 Rxf4 33. Qxf4
Qxb1+ 34. Rc1 Re1+ 35. Bf1 Rxf1+ 36. Kg2 Rxc1 37. Bxc1 Qg6+ 38. Kf3 Bf1 39. a4
Kg8 40. Qd4 Qh5+ 41. Ke4 Qg4+ 42. Ke3 Qg5+ 43. Qf4 Qxd5 44. Qe4 Qc5+ 45. Kd2 d5
46. Qe3 Qb4+ 47. Qc3 Qg4 48. Qe5 Qf3 49. Qe3 Qf6 50. f4 Bc4 51. Qe5 Qf7 52. f5
Qh5 53. Bb2 Qg5+ 54. Kc3 Kh7 55. Qe6 Qg4 56. Qg6+ Qxg6 57. fxg6+ Kxg6 58. Kc2
b5 59. axb5 axb5 60. Bc3 Kf7 61. Kb1 Bd3+ 62. Kc1 g5 63. Kd2 Be4 64. Ke3 Ke7
65. Bb4+ Ke6 66. Kd4 Bf5 67. Bf8 h5 68. Bh6 g4 69. Bg5 b4 70. Bh4 Bc2 71. Bf2
b3 72. Kc3 Ke5 73. Be1 d4+ 74. Kd2 Ke4 75. Bg3 d3 76. Kc3 Kf3 77. Bh4 Ke2 78.
Bg5 h4 79. Bxh4 d2 80. Bf6 d1=Q 81. Kb2 Qg1 82. h3 Kd3 83. Ka3 Kc4 84. Bc3 Qb1
85. hxg4 Qa2# {Hossa checkmated} 0-1

[Event "ICS rated blitz match"]
[Site "204.178.125.65"]
[Date "2000.06.23"]
[Round "?"]
[White "Beadle"]
[Black "Hossa"]
[Result "0-1"]
[WhiteElo "2575"]
[BlackElo "2350"]
[PlyCount "111"]
[EventDate "2000.??.??"]

1. d4 Nf6 2. c4 e6 3. Nf3 c5 4. Nc3 cxd4 5. Nxd4 Bb4 6. Ndb5 d5 7. cxd5 exd5 8.
Bf4 Na6 9. Nc7+ Nxc7 10. Qa4+ Bd7 11. Qxb4 Ne6 12. Be5 Bc6 13. e3 a5 14. Qh4
Nd7 15. Qg3 Nxe5 16. Qxe5 O-O 17. Rd1 d4 18. Ne2 d3 19. Nc1 Qh4 20. Nxd3 Rfe8
21. Qg3 Qe7 22. Be2 Nd4 23. Bh5 Nf5 24. Qh3 Nh4 25. Bf3 Nxf3+ 26. gxf3 Qf6 27.
Rg1 Bxf3 28. Rd2 Rad8 29. Qg3 Be4 30. Qf4 Qc6 31. Qg4 g6 32. Qd1 Bf3 33. Qb3
Qe4 34. Rg3 Re6 35. Nc1 Red6 36. Rxd6 Rxd6 37. Rxf3 Qxf3 38. Nd3 Qh5 39. Qc3
Qxh2 40. Qc8+ Kg7 41. Qc3+ Kh6 42. Ke2 Qh5+ 43. f3 Rc6 44. Qb3 Qh2+ 45. Nf2 Qc7
46. Nd3 Rc2+ 47. Kd1 Rh2 48. Qa4 b5 49. Qf4+ Qxf4 50. exf4 Kg7 51. Kc1 h5 52.
f5 g5 53. Kd1 Kf6 54. Ke1 Kxf5 55. a4 bxa4 56. Kf1 {Beadle resigns} 0-1

[Event "ICS rated standard match"]
[Site "204.178.125.65"]
[Date "2000.06.23"]
[Round "?"]
[White "Beadle"]
[Black "Hossa"]
[Result "1-0"]
[WhiteElo "2392"]
[BlackElo "2330"]
[PlyCount "72"]
[EventDate "2000.??.??"]

1. c4 e5 2. Nc3 d6 3. g3 g6 4. Bg2 Nc6 5. Rb1 Nf6 6. Bxc6+ bxc6 7. Nf3 Bg7 8.
Qa4 Bd7 9. d3 O-O 10. Bg5 Qe8 11. Qa5 Qb8 12. c5 Bh3 13. Bxf6 Bxf6 14. Qa6 Bg2
15. Rg1 Bxf3 16. exf3 Qe8 17. Kd1 Qd7 18. b4 Bg7 19. Ne4 d5 20. Nd2 Rfe8 21.
Re1 Bf8 22. Re2 f5 23. Rb2 Bg7 24. Rb3 Bh6 25. b5 cxb5 26. Qxb5 Qd8 27. Qc6 Bg7
28. Rb7 Re7 29. Qa6 Rb8 30. c6 Rxb7 31. cxb7 Qb8 32. Nb3 Rf7 33. Na5 Rf6 34.
Nc6 Rxc6 35. Qxc6 Kf8 36. Rc2 a5 {Hossa resigns} 1-0

[Event "ICS rated blitz match"]
[Site "204.178.125.65"]
[Date "2000.06.23"]
[Round "?"]
[White "Hossa"]
[Black "Beadle"]
[Result "1/2-1/2"]
[WhiteElo "2375"]
[BlackElo "2550"]
[PlyCount "129"]
[EventDate "2000.??.??"]

1. d4 d5 2. Nf3 Nf6 3. e3 c5 4. c3 Qc7 5. dxc5 Qxc5 6. Nbd2 Nc6 7. Nb3 Qb6 8.
Be2 Bg4 9. h3 Bxf3 10. Bxf3 e6 11. Bd2 Ne5 12. Be2 Ne4 13. O-O Be7 14. Qc2 O-O
15. Nd4 Rac8 16. Nf3 Nxf3+ 17. Bxf3 f5 18. Rad1 Qa6 19. Rfe1 Bd6 20. Ra1 Be5
21. g3 Rf7 22. Bh5 g6 23. Bf3 Qd6 24. Rf1 Bxg3 25. fxg3 Qxg3+ 26. Bg2 Rc4 27.
Rf3 Qg5 28. Qd3 Rfc7 29. Be1 b6 30. Rf4 Rf7 31. Qf1 e5 32. Bh4 Qh6 33. Bxe4
Rxe4 34. Rxe4 fxe4 35. Bf2 d4 36. cxd4 exd4 37. Re1 d3 38. Qg2 Rf3 39. Kh2 Qh5
40. Bg3 Qd5 41. b4 a5 42. a3 axb4 43. axb4 Qc4 44. Qd2 Qd5 45. Rc1 Qe6 46. b5
Qb3 47. Rc8+ Rf8 48. Qc1 Qa2+ 49. Kg1 Qd5 50. Rxf8+ Kxf8 51. Qc8+ Ke7 52. Qc7+
Qd7 53. Qe5+ Kf7 54. Qf4+ Kg8 55. Qxe4 d2 56. Qa8+ Kf7 57. Qf3+ Ke8 58. Qe4+
Kf8 59. Qf4+ Kg7 60. Qe5+ Kf7 61. Qf4+ Ke8 62. Qe5+ Kf7 63. Qf4+ Ke8 64. Qe5+
Kf7 65. Qf4+ 1/2-1/2

[Event "ICS Rated standard match"]
[Site "204.178.125.65"]
[Date "2000.06.23"]
[Round "?"]
[White "Hossa"]
[Black "MissSilicon"]
[Result "1-0"]
[WhiteElo "2317"]
[BlackElo "2439"]
[PlyCount "117"]
[EventDate "2000.??.??"]

1. c4 e5 2. Nc3 Nf6 3. Nf3 Nc6 4. e4 d6 5. Be2 Be7 6. d4 exd4 7. Nxd4 Nxd4 8.
Qxd4 c5 9. Qd3 O-O 10. Bf4 Ng4 11. O-O Ne5 12. Qd2 Be6 13. Nd5 a5 14. Rad1 Ra6
15. Qc2 Bh4 16. Qb3 Ng6 17. Be3 Qc8 18. Qc2 f5 19. Bh5 Ne7 20. g3 Bxd5 21. exd5
Bf6 22. Rfe1 g6 23. Bf3 Be5 24. Bh6 Rd8 25. Bg2 Qd7 26. Re2 Re8 27. Qd3 b6 28.
Rde1 Ra7 29. Bg5 Kg7 30. Kh1 Qd8 31. Qd2 Rd7 32. Bh6+ Kg8 33. Qe3 Kh8 34. Qg5
Bg7 35. Bxg7+ Kxg7 36. Qh4 Kg8 37. Kg1 Kg7 38. Re6 Kg8 39. a3 Qc7 40. Qg5 Qd8
41. a4 Kg7 42. f4 Kf7 43. Bf1 Rg8 44. Qf6+ Ke8 45. Bg2 Qc7 46. h3 Qd8 47. h4
Qc7 48. Rf1 h5 49. Rfe1 Kd8 50. Qf7 Rh8 51. Qg7 Re8 52. Qxg6 Rh8 53. Qf6 Rg8
54. Qf7 Rh8 55. Rh6 Re8 56. Bh3 Qc8 57. Bxf5 Kc7 58. Bxd7 Qxd7 59. Rhe6 {
MissSilicon resigns} 1-0

[Event "ICS rated bullet match"]
[Site "204.178.125.65"]
[Date "2000.06.23"]
[Round "?"]
[White "Blacchrist"]
[Black "Hossa"]
[Result "0-1"]
[WhiteElo "1802"]
[BlackElo "2476"]
[PlyCount "86"]
[EventDate "2000.??.??"]

1. e4 c5 2. Nf3 Nc6 3. d4 cxd4 4. Nxd4 e6 5. Nc3 Nf6 6. Be3 Bb4 7. Nxc6 bxc6 8.
Bd3 Bxc3+ 9. bxc3 d5 10. e5 Nd7 11. f4 Qh4+ 12. g3 Qh3 13. Bf1 Qh6 14. Bg2 Nxe5
15. O-O Ba6 16. Re1 Nd7 17. a4 O-O 18. a5 Qf6 19. Qf3 Qxc3 20. Rac1 Qxa5 21.
Qg4 Qc3 22. f5 e5 23. f6 Nxf6 24. Qh3 Qb2 25. Bg5 Ne4 26. Bxe4 dxe4 27. Qg4 f5
28. Qh4 Bc4 29. Bh6 gxh6 30. Qxh6 Qd4+ 31. Kg2 Bb5 32. Red1 Qc4 33. Rd7 Qe2+
34. Kh3 Qg4+ 35. Kg2 Qg6 36. Qxg6+ hxg6 37. c4 Rfd8 38. Rc2 Rxd7 39. cxb5 cxb5
40. Rc5 Rb8 41. Rc6 Kg7 42. Re6 Rd2+ 43. Kh3 Rh8# 0-1

[Event "ICS rated bullet match"]
[Site "204.178.125.65"]
[Date "2000.06.23"]
[Round "?"]
[White "Hossa"]
[Black "Blacchrist"]
[Result "1-0"]
[WhiteElo "2477"]
[BlackElo "1801"]
[PlyCount "113"]
[EventDate "2000.??.??"]

1. c4 d6 2. Nc3 Nf6 3. d4 g6 4. e4 Bg7 5. Nf3 O-O 6. Be2 Nbd7 7. O-O e5 8. Bg5
h6 9. Bxf6 Qxf6 10. Nd5 Qd8 11. Qd2 c6 12. Nc3 Re8 13. d5 c5 14. Qc2 Nf6 15.
Rfe1 Rb8 16. Nb5 a6 17. Nc3 Bd7 18. Rf1 Qe7 19. Nd1 Kh7 20. Ne3 Nh5 21. Rab1
Nf4 22. b4 b6 23. bxc5 bxc5 24. Qd2 a5 25. Rb2 g5 26. Rfb1 a4 27. Rxb8 Rxb8 28.
Rxb8 h5 29. Ne1 g4 30. Bd1 Qg5 31. Ra8 Nh3+ 32. gxh3 gxh3+ 33. Kf1 Bg4 34. Rxa4
Qf4 35. f3 Bd7 36. Ra7 Be8 37. Re7 Bh6 38. Rxe8 Qxe3 39. Qxe3 Bxe3 40. Nd3 Bd4
41. Rd8 Kg7 42. Rxd6 f6 43. Rc6 Kg6 44. Nxc5 Kg5 45. Ne6+ Kg6 46. Nxd4 exd4 47.
e5 Kf5 48. e6 Kf4 49. d6 Ke3 50. Rb6 Kd2 51. Rb1 d3 52. Kf2 Kc3 53. d7 d2 54.
e7 Kxc4 55. Rb2 Kc3 56. Rc2+ Kd3 57. d8=Q# 1-0

[Event "ICS rated bullet match"]
[Site "204.178.125.65"]
[Date "2000.06.23"]
[Round "?"]
[White "lhg"]
[Black "Hossa"]
[Result "0-1"]
[WhiteElo "2278"]
[BlackElo "2480"]
[PlyCount "98"]
[EventDate "2000.??.??"]

1. e4 c5 2. Nf3 Nc6 3. Nc3 Nf6 4. Bb5 Nd4 5. e5 Nxb5 6. Nxb5 Ne4 7. Nc3 d5 8.
exd6 Nxc3 9. bxc3 Qxd6 10. d4 Bg4 11. O-O Qf6 12. Be3 Bxf3 13. Qxf3 Qxf3 14.
gxf3 cxd4 15. cxd4 Rc8 16. Rac1 Rc3 17. Rfd1 h5 18. Rd3 Rxd3 19. cxd3 Kd8 20.
Kf1 g6 21. Ke2 Bg7 22. Rc4 Kd7 23. Rc5 b6 24. Rc4 Rd8 25. a4 Ke8 26. h3 e6 27.
Rc7 Rd7 28. Rxd7 Kxd7 29. Kd2 Kc6 30. Kc3 b5 31. axb5+ Kxb5 32. Kb3 a5 33. Ka3
f6 34. Kb3 Bf8 35. Ka2 Bb4 36. Kb3 a4+ 37. Ka2 Bc3 38. d5 exd5 39. Ba7 Kb4 40.
Bb8 Be5 41. Bd6+ Bxd6 42. d4 a3 43. f4 Bxf4 44. f3 g5 45. h4 gxh4 46. Ka1 Kb3
47. Kb1 a2+ 48. Ka1 Be3 49. f4 Bxd4# {lhg checkmated} 0-1